¿ Una mezcla insostenible? Cómo la conservación, el turismo y el cambio climático se combinan para cuestionar estilos de vida tradicionales

Salvato in:
Dettagli Bibliografici
Natura: testo
Soggetti:
Tags: Aggiungi Tag
Nessun Tag, puoi essere il primo ad aggiungerne!!

MARC

LEADER 00000 a a2200000 04500
001 18702
003
040
245 |a ¿ Una mezcla insostenible? Cómo la conservación, el turismo y el cambio climático se combinan para cuestionar estilos de vida tradicionales  
650 |a CONSERVACION  
650 |a CAMBIOS CLIMATICOS  
650 |a TRADICION  
650 |a CULTURA  
650 |a POBLACION INDIGENA  
650 |a ECONOMIA  
650 |a DESARROLLO SOSTENIBLE  
650 |a TURISMO  
650 |a PANAMA  
650 |a AFRICA  
650 |2 Macrothesaurus de la OCDE  
773 |g número 60; páginas 16-18  
999 |c 27150  |d 27150